000 00400cam a22001217a 4500
008 180718b2001 xxu||||| |||| 00| 0 eng d
100 _aRocha, Roberto
245 _aPension reform in Hungary: a preliminary assessment
_cby Roberto Rocha and Dimitri Vittas
260 _aWashington, D.C.
_bWorld Bank
_c2001
300 _a29p.
440 _aPolicy research working paper 2631
700 _aVittas, Dimitri
999 _c286810
_d286810